Jesus God's Annointed [Luke 1-9] (Record no. 22703)

MARC details
000 -LEADER
fixed length control field 00307nam a22001337a 4500
020 ## - INTERNATIONAL STANDARD BOOK NUMBER
ISBN 8178210746
082 ## - DEWEY DECIMAL CLASSIFICATION NUMBER
Classification number 226 THO1
100 ## - MAIN ENTRY--AUTHOR NAME
Author name Thomas, M.M.
245 ## - TITLE STATEMENT
Title Jesus God's Annointed [Luke 1-9]
260 ## - PUBLICATION, DISTRIBUTION, ETC. (IMPRINT)
Place of publication Tiruvalla, Kerala
Name of publisher CSS Books
Year of publication 2007
300 ## - PHYSICAL DESCRIPTION
Number of Pages 140
650 ## - SUBJECT ADDED ENTRY--TOPICAL TERM
Topical Term Gospels & Acts
942 ## - ADDED ENTRY ELEMENTS (KOHA)
Koha item type Books
Holdings
Home library Current library Shelving location Date acquired Source of acquisition Cost, normal purchase price Full call number Accession Number Koha item type
Henry Martyn Institute Library Henry Martyn Institute Library General stacks 05/06/2015 CSS 75.00 226 THO1 11003212 Books
                   Copyright © 2026 | Henry Martyn Institute | Hyderabad | TS-500052 | INDIA | Implemented by hmi.edu.in
Hit-Count:

Powered by Koha